Quizzes
Events
Quiz Creation
Community
Videos
Private Events
Remove Ads
Sign In
Join for FREE
Feedback
Dark Mode
Quiz Categories
Sports
Geography
Music
Movies
Television
Just For Fun
Miscellaneous
History
Literature
Language
Science
Gaming
Entertainment
Religion
Holiday
For Kids
Quiz Lab
Recent
Popular Today
Quiz Kudos Today
Editor Picks
Curator Picks
Quizzes by...
Day
Popularity
Type
Ratings
Length
Year
Community
Subscriptions
Recent Discussions
Orange Saloon
Badges
Playlists
Quests
Create
Leaderboards
Showdown
Live 5
Trivia Bingo
Activity
Puzzle Library
Sporcle Events
Private Events
Virtual Trivia
Globe League
Become a Host
Pub Owners
SporcleCon
Opinionation
Our Games
Videos
Blog
Mobile Apps
Partnerships
Remove Ads and Go Orange
Feedback
Entertainment
Celebrity
Famous
Musical
Broadway
Show
Quote
Comic Books
Anime
Superhero
DC Comics
Marvel
Cartoons
Animation
Entertainment
Celebrity
Famous
Musical
Broadway
Show
Quote
Comic Books
Anime
Superhero
DC Comics
Marvel
Cartoons
Animation
Random Quiz
Search Sporcle
×
Quiz Lab
Quiz Lab
Entertainment
Comic Books
Type in answers that appear in a list
Type in answers that appear in a list
Classic
Best Score? Go Orange.
Marvel: Cover Appearances: Black Panther Stats
Can You Name The Marvel Characters That Share The Most Front Cover Appearances With The Black Panther?
By
Sepa
8m
64 Questions
587 Plays
587 Plays
587 Plays
Comments
Comments
Give Quiz Kudos
Give Quiz Kudos
-
- Ratings
hide this ad
More Info
Replay
Link that replays current quiz
Next Quiz
Link to next quiz in quiz playlist
You Got
0%
They Got
Avg Score
58%
Avg Friend Score
Upgrade to see
Score Distribution
Jump to the score distribution portion of the page
Score
0/64
Timer
08:00
0
Plays Today
Rank
Black Panther Characters
% Correct
31.
Black Panther (Shuri)
91.1%
2.
Captain America (Steve Rogers)
89.3%
3.
Iron Man (Tony Stark)
88.9%
12.
Hulk
86.4%
1.
Black Panther (T'Challa)
86%
6.
Thor
83.8%
21.
Captain America (Falcon)
83.1%
13.
Storm
82.1%
18.
Wolverine
79.9%
16.
Spider-Man (Peter Parker)
79.7%
11.
Mister Fantastic
78%
5.
Hawkeye (Clint Barton)
77.9%
20.
Human Torch (Johnny Storm)
77.5%
14.
Thing
77%
7.
Dr. Henry Pym
76.7%
25.
Black Widow (Natalia Romanova)
76.1%
22.
Invisible Woman
76.1%
59.
Human Torch (Jim Hammond)
75.4%
8.
Wasp (Janet van Dyne)
72.9%
34.
Cyclops
71.2%
9.
Scarlet Witch
70.5%
40.
Ant-Man (Scott Lang)
70%
15.
Beast
69.8%
10.
Namor the Sub-Mariner
69.7%
4.
Vision (Victor Shade)
69.2%
30.
Luke Cage (Power Man)
67.5%
48.
Klaw
67%
23.
Quicksilver
66.6%
26.
Daredevil
65.9%
32.
Iron Fist
65.4%
37.
Doctor Doom
64.9%
29.
Captain Marvel (Carol Danvers)
64.1%
Rank
Black Panther Characters
% Correct
17.
Doctor Strange
63.2%
19.
She-Hulk (Jennifer Walters)
62.2%
36.
Iceman
61.2%
64.
Erik Killmonger
60.3%
39.
Spectrum (Monica Rambeau)
58.4%
44.
Colossus
57.9%
27.
Hercules
50.9%
24.
Wonder Man
50.8%
50.
Spider-Woman (Jessica Drew)
49.7%
35.
Silver Surfer
49.2%
28.
Black Bolt
48.2%
33.
Black Knight (Dane Whitman)
47.4%
63.
Nick Fury
47.2%
43.
Nightcrawler (Kurt Wagner)
46.7%
60.
Angel (Archangel)
46%
54.
Punisher
44.3%
45.
Moon Knight
44%
38.
Tigra
41.6%
42.
Medusa
41.2%
53.
Deadpool
37.5%
55.
Ultron
36.6%
56.
Hellcat
33%
47.
Shadowcat
32.4%
41.
Swordsman (Jacques DuQuesne)
31.3%
46.
Quasar (Wendell Vaughn)
28.8%
58.
Moondragon
28.6%
49.
Mantis
24.5%
61.
Cloak
16.9%
62.
Dagger
15.8%
57.
Shang-Chi
15.3%
51.
Jocasta
14.5%
52.
Jack of Hearts
14.1%
Quiz Playlist
Details
Report
Send in Message
Add To Playlist
More Info:
12 FRONT COVER APPEARANCES NEEDED. THINK AVENGERS, AVENGERS WEST COAST, NEW AVENGERS, ILLUMINATI, FANTASTIC FOUR & X-MEN MEMBERS. (US REPRINTS INCLUDED)
Classic:
Type in answers that appear in a list
Quiz Source
Last Updated: Jun 25, 2023
Quiz Scoreboard
CHALLENGE
Sign Up to Join the Scoreboard
Show All
Scores
Hide
Comments
May contain spoilers
Recently Published
Pick 6: Fruits
by JohnFran
Miscellaneous
15s
Click the 1999 NBA Draft
by nibperrychub
Sports
2m
Alphabetical 'K' Countries by Flag Minefield
by ylime102
Geography
3m
More to Explore
Quiz From the Vault
Featured Blog Post
15 Basketball Trivia Facts You Can Be March Mad About
hide this ad
You Might Also Like...
Tags
Comic Books Quiz
Marvel Quiz
appearance
black
Character
Cover
front
Marvel Characters
Most
Panther
share
Today's Top Quizzes in Entertainment
Browse Entertainment
hide this ad
Today's Top Quizzes in Comic Books
Browse Comic Books
Top Contributed Quizzes in Entertainment
1
The Joker Actors by Order
2
Spider-Man Actors by Order
3
The Incredible Hulk Actors by Order
4
Superman Actors by Order
5
Catwoman Actresses by Order
6
The Penguin Actors by Order
7
The Riddler Actors by Order
8
Nickname Match: Pop Culture Kings
9
Two-Face Actors by Order
10
Marvel Picture Find: Capcom
Explore More
Trending Topics
NBA
Disney
Crossword
Harry Potter
Marvel
Kpop
Anime
Soccer
WWE
Song
The Office
Country
NFL
Pokémon
Puzzle
hide this ad
More By:
Sepa
Quiz
Plays
Rating
Category
Featured
Created
Marvel Characters (A-Z)
217,870
4.22
Entertainment
May 5, 2011
Marvel: Most Published Characters 1-100
181,195
4.45
Entertainment
May 1, 2010
NBA Double-Double Averages (2000-2010)
146,088
4.30
Sports
Dec 1, 2010
DC Comics: Most Published Characters 1-100
93,138
3.97
Entertainment
Jan 3, 2011
1970s World History
91,087
4.23
History
Feb 3, 2010
Go to Creator's Profile
Score Distribution
Quiz Creator Spotlight
Sepa
Follow
Send a Message
Quizzes Created
-
Created Quiz Play Count
-
More By This Creator
Popular Quizzes Today
1
Find the US States - No Outlines Minefield
2
Countries of Asia Without Outlines Minefield
3
Pick 6: Fruits
4
Alphabetical 'K' Countries by Flag Minefield
5
The Countries of the World
6
Click the 1999 NBA Draft
7
Match the Book to the Film X
8
Find the US States
More Entertainment Quizzes
Same Name as a Disney/Pixar Character
Published
Trending Quizzes
Pick 6: Harry Potter
Pick 6: Golfers
Donkey Kong Minefield
DC Extended Universe: Oldest to Newest
Multiplication Danger Zone
Recently Updated
Women's Final Four Teams by Year
bhenderson79
Presidents Quartet II
eogle
Anything But Clue(do)
eogle
Anything But Oceanian Capitals
eogle
Anything But 7
eogle
Anything But Thing
eogle
Word Ladder: February 29
pecheneg
Song Title Questions
pecheneg
Women's NCAA Tournament #1 Seeds
pecheneg
Celebrity Mug Shots
pecheneg
Trending Topics
Disney
Kpop
Crossword
Anime
NBA
Marvel
Harry Potter
Song
Puzzle
Country
Pokémon
NFL
WWE
The Office
Soccer
Your Account Isn't Verified!
In order to create a playlist on Sporcle, you need to verify the email address you used during registration. Go to your
Sporcle Settings
to finish the process.
Report this User
Report this user for behavior that violates our
Community Guidelines
.
Details:
Send Report
Go to the Sporcle.com Mobile Site →
Comments